| 000 | 01165nam a22003617a 4500 | ||
|---|---|---|---|
| 001 | 002145875 | ||
| 003 | DO-SdBPM | ||
| 005 | 20250617133006.0 | ||
| 007 | ta | ||
| 008 | 161214b1993 sp a ||| 00| 0 spa d | ||
| 020 | _a8434840456 | ||
| 020 | _a8478382569 | ||
| 040 |
_aDO-SdBPM _bspa _cBPMSU _erda |
||
| 050 | _b | ||
| 082 | 4 |
_a863.6 _bG531t 1993 _222 |
|
| 100 | 1 |
_aGisbert, Joan Manuel _d |
|
| 245 | 1 | 0 |
_aEl talismán y el Adriático / _cJoan Manuel Gisbert ; ilustraciones Alonso Ruano. |
| 264 |
_aMadrid : _bEdiciones del Prado, _c1993. |
||
| 300 |
_a156 páginas : _bilustraciones ; _c20 cm. |
||
| 336 |
_atexto _btxt _2rdacontent |
||
| 337 |
_asin mediación _bn _2rdamedión |
||
| 338 |
_avolumen _bnc _2rdacarrier |
||
| 490 | 0 |
_aSubmarino naranja, _v7 |
|
| 586 | _aPremio Lazarillo 1980. | ||
| 586 | _aPremio Nacionales de Literatura Infantil y Juvenil 1985. | ||
| 586 | _aPremio Gran Angular. | ||
| 586 | _aPremio El Barco de Vapor. | ||
| 590 | _aInventariado, 2025/VM | ||
| 650 | 7 | _a Cuentos infantiles españoles | |
| 700 | 1 |
_aRuano, Alonso, _eilustración |
|
| 910 | _aVMateo V. Control de calidad. BPMSU | ||
| 942 |
_2ddc _cBK |
||
| 999 |
_c12437 _d12437 |
||